[Event "IX Festival A"]
[Site "Nichelino ITA"]
[Date "2008.10.03"]
[Round "2"]
[White "Fortino, Fabrizio"]
[Black "Parodi, Alessandro"]
[Result "1/2-1/2"]
[WhiteElo "2051"]
[BlackElo "2074"]
[PlyCount "107"]
[EventDate "2008.10.02"]

1. c4 g6 2. Nc3 Bg7 3. g3 d6 4. Bg2 e5 5. d3 c6 6. Rb1 Be6 7. e4 Ne7 8. Nge2
O-O 9. d4 Bxc4 10. Be3 d5 11. O-O dxe4 12. dxe5 Qxd1 13. Rfxd1 Bd3 14. Rbc1
Bxe5 15. Bc5 Re8 16. Bxe4 Bxe4 17. Nxe4 Nd5 18. Bd4 Bxd4 19. Rxd4 Nd7 20. Kf1
Ne5 21. Rxd5 cxd5 22. Nf6+ Kf8 23. Nxe8 Rxe8 24. Nf4 d4 25. Rd1 Nc6 26. h4 f5
27. a3 Kf7 28. b4 a6 29. Nd3 Re7 30. Nc5 Kf6 31. a4 Nxb4 32. Rxd4 Nc6 33. Rd6+
Ke5 34. Rd2 Kf6 35. Rb2 Na5 36. h5 Rc7 37. Nd3 Nc4 38. Re2 Re7 39. Rc2 b5 40.
axb5 axb5 41. Nb4 Rd7 42. hxg6 hxg6 43. Ra2 Rd6 44. Ke2 Ke5 45. Nd3+ Kd4 46.
Nf4 b4 47. Ra1 Kc3 48. Rc1+ Kb3 49. Nd3 Na3 50. Rc5 Re6+ 51. Kf3 Rd6 52. Ke2
Re6+ 53. Kf3 Rd6 54. Ke2 1/2-1/2

[Event "IX Festival A"]
[Site "Nichelino ITA"]
[Date "2008.10.03"]
[Round "2"]
[White "Gallucci, Alessio"]
[Black "Marguati, Massimiano"]
[Result "1-0"]
[WhiteElo "2197"]
[BlackElo "2004"]
[PlyCount "91"]
[EventDate "2008.10.02"]

1. e4 e6 2. d4 d5 3. Nc3 Bb4 4. e5 c5 5. a3 Ba5 6. b4 cxd4 7. Nb5 Bc7 8. Nf3
Nc6 9. Nxc7+ Qxc7 10. Bb5 Bd7 11. Bxc6 Bxc6 12. O-O Ne7 13. Re1 a5 14. Bg5 axb4
15. axb4 Rxa1 16. Qxa1 O-O 17. Nxd4 Rc8 18. Qc3 Ng6 19. h4 Nf8 20. Qg3 Kh8 21.
h5 h6 22. Bd2 Ba4 23. c3 Qc4 24. Kh2 Qa2 25. Re2 Qb1 26. Re1 Qb2 27. Re2 Qb1
28. f4 Qd1 29. Qh3 Bc2 30. Qe3 Be4 31. Nb5 Ra8 32. Nd6 Ra1 33. Kg3 Qh1 34. Nxe4
dxe4 35. Qxe4 Qxh5 36. Qf3 Qg6+ 37. Kf2 Rh1 38. Qxb7 Qh5 39. Qf3 Qh4+ 40. Ke3
Qd8 41. Qe4 Ng6 42. g3 Ne7 43. Qxh1 Nf5+ 44. Kf2 Qd3 45. Qa8+ Kh7 46. Qf3 1-0

[Event "IX Festival A"]
[Site "Nichelino ITA"]
[Date "2008.10.03"]
[Round "2"]
[White "Giacchino, Claudio"]
[Black "D'Ingiullo, Roberto"]
[Result "0-1"]
[WhiteElo "1582"]
[BlackElo "2104"]
[PlyCount "76"]
[EventDate "2008.10.02"]

1. Nf3 c5 2. d4 cxd4 3. Nxd4 Nc6 4. e3 Nf6 5. c3 e5 6. Nf5 d5 7. Ng3 Bd6 8. Bb5
O-O 9. O-O e4 10. Nd2 Ng4 11. Be2 Qh4 12. Bxg4 Bxg4 13. Qe1 Ne5 14. f3 exf3 15.
gxf3 Bh3 16. f4 Nd3 17. Qe2 Bxf1 18. Qxf1 Nxc1 19. Rxc1 Bc5 20. Qf3 Rfe8 21.
Re1 Rad8 22. Nb3 Bb6 23. Re2 Qh3 24. Nd4 Bxd4 25. cxd4 Rc8 26. Qg2 Rc1+ 27. Kf2
Qxg2+ 28. Kxg2 g6 29. h4 Rec8 30. e4 R1c2 31. exd5 Rxe2+ 32. Nxe2 Rc2 33. Kf3
Kf8 34. Ke3 Rxb2 35. Nc3 f5 36. Kd3 Ke7 37. a4 Rf2 38. Kc4 Kd6 0-1

[Event "IX Festival A"]
[Site "Nichelino ITA"]
[Date "2008.10.03"]
[Round "2"]
[White "Marguerettaz, Davy"]
[Black "Vallejo Pons, Francisco"]
[Result "0-1"]
[WhiteElo "2020"]
[BlackElo "2664"]
[PlyCount "34"]
[EventDate "2008.10.02"]

1. e4 c5 2. Nf3 e6 3. d4 cxd4 4. Nxd4 a6 5. Nc3 b5 6. Bd3 Bb7 7. O-O Nc6 8. Nb3
Nf6 9. Bg5 Be7 10. f4 d6 11. Qe1 h6 12. Bh4 g5 13. fxg5 Ng4 14. Rf4 Nce5 15. h3
hxg5 16. Rf1 Rxh4 17. hxg4 Nxg4 0-1

[Event "IX Festival A"]
[Site "Nichelino ITA"]
[Date "2008.10.03"]
[Round "2"]
[White "Martin, Tiziano"]
[Black "Nardelli, Marco"]
[Result "0-1"]
[WhiteElo "1973"]
[BlackElo "2132"]
[PlyCount "60"]
[EventDate "2008.10.02"]

1. e4 c5 2. Nc3 Nc6 3. g3 g6 4. Bg2 Bg7 5. d3 e6 6. Nf3 Nge7 7. O-O O-O 8. Be3
Nd4 9. Qd2 d5 10. Bh6 Nxf3+ 11. Bxf3 d4 12. Bxg7 Kxg7 13. Ne2 e5 14. Bg2 f6 15.
Kh1 Qd6 16. Ng1 b5 17. a4 Bd7 18. axb5 Bxb5 19. b3 Nc6 20. f4 Nb4 21. fxe5 fxe5
22. Rxf8 Qxf8 23. Nf3 Qe7 24. Ne1 a6 25. c3 dxc3 26. Qxc3 Rd8 27. Rd1 Qd6 28.
Nf3 Nxd3 29. Kg1 c4 30. bxc4 Qc5+ 0-1

[Event "IX Festival A"]
[Site "Nichelino ITA"]
[Date "2008.10.03"]
[Round "2"]
[White "Melone, Antonio"]
[Black "Fassio, Francesco"]
[Result "1-0"]
[WhiteElo "1848"]
[BlackElo "1702"]
[PlyCount "71"]
[EventDate "2008.10.02"]

1. d4 d5 2. c4 e6 3. Nc3 c5 4. e3 Nf6 5. Nf3 Nc6 6. Be2 Be7 7. O-O O-O 8. b3 b6
9. Bb2 Bb7 10. Re1 Re8 11. Rc1 Rc8 12. dxc5 bxc5 13. cxd5 exd5 14. Na4 Nb4 15.
a3 Na6 16. Bb5 Rf8 17. Bxf6 Bxf6 18. Bxa6 Bxa6 19. Rxc5 Bb7 20. Rxc8 Bxc8 21.
Nd4 Qe7 22. b4 Re8 23. Nc5 a6 24. Qd2 Bxd4 25. Qxd4 Qg5 26. Rd1 Bh3 27. Qxd5
Qg6 28. Kh1 Bc8 29. Qd6 Qc2 30. Qd2 Qf5 31. e4 Qf6 32. Qd4 Qg5 33. a4 h6 34. b5
axb5 35. axb5 Qe7 36. Qd6 1-0

[Event "IX Festival A"]
[Site "Nichelino ITA"]
[Date "2008.10.03"]
[Round "2"]
[White "Moncelli, Giorgio"]
[Black "Bitossi, Massimo"]
[Result "0-1"]
[WhiteElo "2110"]
[BlackElo "1951"]
[PlyCount "58"]
[EventDate "2008.10.02"]

1. e4 Nf6 2. e5 Nd5 3. d4 d6 4. Nf3 g6 5. Bc4 Nb6 6. Bb3 Bg7 7. Qe2 O-O 8. O-O
a5 9. c3 Bg4 10. Nbd2 dxe5 11. dxe5 a4 12. Bc2 e6 13. h3 Bf5 14. Ne4 h6 15. Be3
N6d7 16. g4 Bxe4 17. Bxe4 Nc6 18. Rfd1 Qe7 19. Qb5 Ncxe5 20. Nxe5 Nxe5 21. Bc5
Qg5 22. Qb4 Rfe8 23. Be3 Qh4 24. Bg2 h5 25. f4 Nf3+ 26. Bxf3 Qg3+ 27. Bg2 Qxe3+
28. Kh1 hxg4 29. hxg4 a3 0-1

[Event "IX Festival A"]
[Site "Nichelino ITA"]
[Date "2008.10.03"]
[Round "2"]
[White "Paoli, Mario"]
[Black "Guarneri, Giuseppe"]
[Result "0-1"]
[WhiteElo "1742"]
[BlackElo "1907"]
[PlyCount "108"]
[EventDate "2008.10.02"]

1. e4 d6 2. d4 g6 3. Nf3 Bg7 4. Nc3 c6 5. Be2 Nd7 6. O-O e6 7. Re1 Ne7 8. Bf4
Qc7 9. Qd2 h6 10. Bg3 O-O 11. Bc4 a6 12. a3 b5 13. Ba2 Bb7 14. d5 cxd5 15. exd5
e5 16. h3 Rac8 17. Rad1 Nf5 18. Bh2 Nc5 19. Rc1 Rfe8 20. b4 Nd7 21. Ne4 Nb6 22.
Qd3 Ne7 23. Red1 f5 24. Nc5 Bxd5 25. Bxd5+ Nexd5 26. Nxa6 Qc6 27. a4 bxa4 28.
b5 Qc4 29. Qxc4 Rxc4 30. Nd2 Rc3 31. Nb1 Rc4 32. Na3 Rd4 33. Rxd4 exd4 34. Bxd6
Nc3 35. Kh2 Re2 36. f4 Nbd5 37. Nc5 Ne3 38. b6 Rxg2+ 39. Kh1 Ne2 40. Ne4 fxe4
41. f5 Ng3+ 42. Bxg3 Rxg3 43. Nb5 Nd5 44. b7 Be5 45. Nxd4 Rxh3+ 46. Kg2 Rc3 47.
Rb1 Bb8 48. Nb5 Rxc2+ 49. Kf1 gxf5 50. Nd4 Ne3+ 51. Ke1 Rc4 52. Ne6 a3 53. Ra1
Nc2+ 54. Kd2 Nxa1 0-1

[Event "IX Festival A"]
[Site "Nichelino ITA"]
[Date "2008.10.03"]
[Round "2"]
[White "Pulito, Alberto"]
[Black "Finocchiaro, Gianluca"]
[Result "1-0"]
[WhiteElo "2254"]
[BlackElo "2026"]
[PlyCount "99"]
[EventDate "2008.10.02"]

1. e4 d5 2. exd5 Qxd5 3. Nc3 Qe5+ 4. Be2 c6 5. Nf3 Qc7 6. d4 Nf6 7. O-O e6 8.
a4 Be7 9. Bc4 O-O 10. Qe2 Nd5 11. Ne4 Nd7 12. c3 a5 13. Bg5 N7f6 14. Rfe1 b6
15. Rad1 Bb7 16. Nxf6+ Bxf6 17. Qe4 Bxg5 18. Nxg5 Nf6 19. Qh4 c5 20. dxc5 Qc6
21. Qg3 Qxc5 22. Rxe6 Qf5 23. Re7 Nh5 24. Rxf7 Rxf7 25. Bxf7+ Qxf7 26. Nxf7
Nxg3 27. hxg3 Bc6 28. Rd6 Bxa4 29. Ne5 b5 30. f4 b4 31. cxb4 axb4 32. Rb6 b3
33. Kf2 h6 34. Ke3 Ra5 35. Kd4 Bb5 36. Kc3 Bf1 37. Kxb3 Bxg2 38. Kc4 g5 39.
Rxh6 gxf4 40. gxf4 Bf1+ 41. Kc3 Rc5+ 42. Kd4 Rc2 43. Rb6 Kg7 44. Ke3 Re2+ 45.
Kf3 Rd2 46. Kg4 Rg2+ 47. Kf5 Rg1 48. Rb7+ Kh8 49. Kf6 Be2 50. Ng6+ 1-0

[Event "IX Festival A"]
[Site "Nichelino ITA"]
[Date "2008.10.03"]
[Round "2"]
[White "Razzano, Lorenzo"]
[Black "Pettarini, Renato"]
[Result "1-0"]
[WhiteElo "1899"]
[BlackElo "1761"]
[PlyCount "117"]
[EventDate "2008.10.02"]

1. e4 c6 2. d4 d5 3. e5 Bf5 4. h4 h5 5. c4 e6 6. Bg5 Be7 7. Qd2 dxc4 8. Bxc4
Nd7 9. Nc3 Nb6 10. Bb3 Bxg5 11. hxg5 Ne7 12. Nge2 Qd7 13. Ng3 O-O-O 14. Nce4
Bxe4 15. Nxe4 Nf5 16. O-O-O Kb8 17. g6 Qe7 18. Qg5 fxg6 19. Qxe7 Nxe7 20. Bxe6
Rhf8 21. g3 Nf5 22. Bxf5 Rxf5 23. f4 Nd5 24. Nc5 Rf7 25. Ne6 Re8 26. Ng5 Rfe7
27. Rd3 Nb4 28. Rb3 Nd5 29. Ne4 Rd8 30. Nd6 Nb6 31. Kc2 Nc8 32. Nxc8 Kxc8 33.
Rd3 Red7 34. Rhd1 Rd5 35. b4 Kd7 36. Kc3 Ke6 37. Kc4 a6 38. a4 Rc8 39. Rb3 Rc7
40. Kd3 Rcd7 41. Ke4 Rd8 42. a5 R8d7 43. Rc3 Rc7 44. Rc5 Rcd7 45. Rd3 Rd8 46.
Rc4 R8d7 47. g4 hxg4 48. Rg3 Rf7 49. Rxg4 Kd7 50. Rxg6 Re7 51. f5 Ke8 52. Rc5
Red7 53. Rxd5 cxd5+ 54. Kd3 Rc7 55. Rb6 Ke7 56. b5 axb5 57. Rxb5 Rd7 58. Ke3
Kf8 59. Kf4 1-0

[Event "IX Festival A"]
[Site "Nichelino ITA"]
[Date "2008.10.03"]
[Round "2"]
[White "Topczewski, Damian"]
[Black "Sorgi, Paolo"]
[Result "1-0"]
[WhiteElo "1506"]
[BlackElo "1942"]
[PlyCount "97"]
[EventDate "2008.10.02"]

1. e4 c5 2. Nc3 Nc6 3. g3 g6 4. Bg2 Bg7 5. Nge2 d6 6. O-O e6 7. d3 Nge7 8. f4
Rb8 9. a4 a6 10. Be3 Nd4 11. Bxd4 cxd4 12. Nb1 Qb6 13. Nd2 d5 14. Nb3 dxe4 15.
a5 Qa7 16. Bxe4 Nf5 17. Bxf5 exf5 18. Qe1 O-O 19. Qf2 Rd8 20. c3 b6 21. Nbxd4
bxa5 22. Nc6 Qc7 23. Nxb8 Qxb8 24. Nc1 Bb7 25. h4 Qc7 26. Kh2 Qc6 27. Rxa5 Ba8
28. d4 Re8 29. Rg1 Qb6 30. Rc5 f6 31. b4 Bf8 32. Ra5 Qc6 33. Qd2 Qf3 34. Rxa6
Be4 35. Ra7 Rc8 36. Na2 Bxb4 37. Nxb4 Rxc3 38. Qa2+ Kh8 39. Rd7 Rc2+ 40. Qxc2
Bxc2 41. Nxc2 Qc6 42. Rd8+ Kg7 43. Rg2 Qc7 44. Re8 Qc6 45. Ree2 Kh6 46. Rd2 Qd5
47. Ne3 Qe4 48. Rge2 g5 49. Ng4+ 1-0

[Event "IX Festival A"]
[Site "Nichelino ITA"]
[Date "2008.10.03"]
[Round "2"]
[White "Zunino, Davide"]
[Black "Di Chiara, Mauro"]
[Result "1/2-1/2"]
[WhiteElo "1976"]
[BlackElo "1896"]
[PlyCount "58"]
[EventDate "2008.10.02"]

1. d4 d6 2. e4 Nf6 3. Nc3 c6 4. Nf3 g6 5. h3 Bg7 6. Be3 b5 7. Bd3 O-O 8. O-O
Bb7 9. Qd2 Re8 10. Ne2 a6 11. Ng3 Nbd7 12. a4 c5 13. c3 c4 14. Bc2 d5 15. e5
Ne4 16. Bxe4 dxe4 17. Ng5 Nb6 18. axb5 axb5 19. N5xe4 Qd5 20. f3 f6 21. exf6
exf6 22. Bh6 Bh8 23. Qf4 f5 24. Nc5 Bc6 25. Na6 Qf7 26. Nb4 Nd5 27. Nxd5 Qxd5
28. Rfe1 Rxa1 29. Rxa1 b4 1/2-1/2

[Event "IX Festival A"]
[Site "Nichelino ITA"]
[Date "2008.10.04"]
[Round "3"]
[White "Bitossi, Massimo"]
[Black "Fassio, Luca"]
[Result "1-0"]
[WhiteElo "1951"]
[BlackElo "2081"]
[PlyCount "97"]
[EventDate "2008.10.02"]

1. e4 g6 2. d4 Bg7 3. Nc3 d6 4. Be3 c6 5. h3 b5 6. Qd2 Bb7 7. Bd3 Nd7 8. Nge2
a6 9. Nd1 c5 10. c3 Ngf6 11. f3 O-O 12. Nf2 Rc8 13. Bh6 cxd4 14. Bxg7 Kxg7 15.
cxd4 e5 16. Ng4 Ng8 17. O-O h5 18. Ne3 Ngf6 19. Rac1 h4 20. Qb4 Nb6 21. Rxc8
Bxc8 22. Rc1 Nh5 23. Rc6 Qg5 24. Kf2 Nf4 25. Nxf4 Qg3+ 26. Ke2 exf4 27. Qxd6
Na4 28. Qf6+ Kg8 29. Nd5 Qxg2+ 30. Ke1 Qg1+ 31. Kd2 Qf2+ 32. Be2 Nxb2 33. Qe5
Nc4+ 34. Rxc4 bxc4 35. Nf6+ Kg7 36. Ng4+ f6 37. Qe7+ Rf7 38. Qxf7+ Kxf7 39.
Nxf2 Ke7 40. Bxc4 a5 41. Kc3 f5 42. e5 g5 43. d5 g4 44. hxg4 fxg4 45. fxg4 f3
46. Kd4 h3 47. Nxh3 Bxg4 48. Nf2 Bh5 49. Kc5 1-0

[Event "IX Festival A"]
[Site "Nichelino ITA"]
[Date "2008.10.04"]
[Round "3"]
[White "Crepaldi, Manuele"]
[Black "Angioni, Gian Carlo"]
[Result "1-0"]
[WhiteElo "1817"]
[BlackElo "1853"]
[PlyCount "57"]
[EventDate "2008.10.02"]

1. e4 e6 2. d3 c5 3. Nf3 Nc6 4. Nbd2 g6 5. g3 Bg7 6. Bg2 Nge7 7. O-O O-O 8. Re1
d6 9. c3 Bd7 10. Nf1 Rc8 11. Bf4 e5 12. Bg5 Be6 13. Qd2 Re8 14. Bh6 Bh8 15. h4
d5 16. Rad1 dxe4 17. dxe4 Bxa2 18. Qc2 Qb6 19. b4 Be6 20. Be3 Qc7 21. Bxc5 Red8
22. Ng5 b6 23. Nxe6 fxe6 24. Bxe7 Qxe7 25. Qb3 Rf8 26. Bh3 Nd8 27. Ne3 Qf7 28.
Re2 Bg7 29. Rxd8 1-0

[Event "IX Festival A"]
[Site "Nichelino ITA"]
[Date "2008.10.04"]
[Round "3"]
[White "D'Ingiullo, Roberto"]
[Black "Parodi, Alessandro"]
[Result "1/2-1/2"]
[WhiteElo "2104"]
[BlackElo "2074"]
[PlyCount "45"]
[EventDate "2008.10.02"]

1. e4 d5 2. exd5 Qxd5 3. Nc3 Qa5 4. Nf3 Nf6 5. Bc4 Bg4 6. h3 Qh5 7. Be2 e5 8.
O-O Bxh3 9. gxh3 e4 10. Nh2 Qxh3 11. Re1 Bd6 12. Nf1 Nbd7 13. d4 h5 14. Nb5
O-O-O 15. Nxa7+ Kb8 16. Nb5 Ne5 17. dxe5 Bxe5 18. Bd3 Ng4 19. Be3 exd3 20. f4
dxc2 21. Qxc2 Nxe3 22. Rxe3 Qg4+ 23. Qg2 1/2-1/2

[Event "IX Festival A"]
[Site "Nichelino ITA"]
[Date "2008.10.04"]
[Round "3"]
[White "Damia, Angelo"]
[Black "Topczewski, Damian"]
[Result "1-0"]
[WhiteElo "2221"]
[BlackElo "1506"]
[PlyCount "141"]
[EventDate "2008.10.02"]

1. e4 e5 2. Nf3 Nf6 3. Nxe5 d6 4. Nf3 Nxe4 5. Nc3 Nxc3 6. dxc3 d5 7. c4 c6 8.
cxd5 Qxd5 9. Qxd5 cxd5 10. Bb5+ Bd7 11. Bxd7+ Nxd7 12. Be3 Bc5 13. Bxc5 Nxc5
14. O-O-O O-O-O 15. Ne5 Rhf8 16. Rhe1 f6 17. Nd3 Nxd3+ 18. Rxd3 Rf7 19. f4 g6
20. f5 gxf5 21. Rf3 d4 22. Rxf5 d3 23. Ref1 Re7 24. Rxf6 dxc2 25. R6f2 a6 26.
Kxc2 Rc7+ 27. Kb1 Re7 28. Rf8 Rxf8 29. Rxf8+ Kc7 30. Rf2 Kc6 31. Kc2 Kd5 32.
Kd3 Kc6 33. g4 Rg7 34. h3 h5 35. Rf6+ Kc7 36. Rf4 hxg4 37. hxg4 Kd6 38. Ke3 Ke6
39. Re4+ Kf6 40. Kf4 Rd7 41. g5+ Kg7 42. Re6 Rc7 43. Rb6 Re7 44. Kf5 Rc7 45. b4
Rd7 46. a4 Rc7 47. a5 Re7 48. Re6 Rc7 49. Ke5 Kf7 50. Rf6+ Kg7 51. Rd6 Kf7 52.
Kd5 Kg7 53. Ke6 Kg6 54. Rd7 Rc6+ 55. Kd5 Rc8 56. Rxb7 Kxg5 57. Rb6 Ra8 58. Kc6
Kf5 59. Kb7 Rh8 60. Kxa6 Ke5 61. Rc6 Rb8 62. Rb6 Rh8 63. Ka7 Kd5 64. a6 Kc4 65.
b5 Kc5 66. Rb7 Rh6 67. b6 Rg6 68. Rf7 Kb5 69. Rf5+ Kc6 70. b7 Rg8 71. b8=Q 1-0

[Event "IX Festival A"]
[Site "Nichelino ITA"]
[Date "2008.10.04"]
[Round "3"]
[White "Di Chiara, Mauro"]
[Black "Martin, Tiziano"]
[Result "0-1"]
[WhiteElo "1896"]
[BlackElo "1973"]
[PlyCount "122"]
[EventDate "2008.10.02"]

1. d4 d6 2. Nf3 Nf6 3. c4 Bg4 4. Nc3 c6 5. e4 Qc7 6. Be2 e5 7. O-O Nbd7 8. Be3
Be7 9. b4 Bxf3 10. Bxf3 O-O 11. c5 Rad8 12. Qb3 dxc5 13. dxc5 Rfe8 14. Be2 h6
15. Bc4 Rf8 16. f3 Nh5 17. Ne2 g5 18. g4 Ng7 19. Ng3 Nf6 20. Rad1 Rxd1 21. Rxd1
Qc8 22. Bc1 b5 23. cxb6 axb6 24. Bb2 b5 25. Be2 c5 26. bxc5 Qxc5+ 27. Kg2 h5
28. h3 h4 29. Nf1 Ne6 30. Bc1 Nd4 31. Qb2 Rc8 32. Bxg5 Qa7 33. Rxd4 Qxd4 34.
Qxd4 exd4 35. Bxb5 Rc2+ 36. Kg1 Kf8 37. a4 Nd7 38. Bh6+ Ke8 39. Bd2 Kd8 40. f4
Nc5 41. e5 Nb3 42. Bd3 Rb2 43. Be1 Nc1 44. Bb5 d3 45. Ba5+ Kc8 46. Bd2 Bc5+ 47.
Kg2 Nb3 48. Bxd3 Nxd2 49. Bf5+ Kd8 50. Nxd2 Rxd2+ 51. Kf3 Ra2 52. g5 Rxa4 53.
Bg4 Ra3+ 54. Ke4 Re3+ 55. Kd5 Ba3 56. f5 Rg3 57. g6 fxg6 58. fxg6 Ke7 59. Ke4
Bb2 60. Kf4 Bxe5+ 61. Kxe5 Rxg4 0-1

[Event "IX Festival A"]
[Site "Nichelino ITA"]
[Date "2008.10.04"]
[Round "3"]
[White "Ferrario, Enrico"]
[Black "Marguerettaz, Davy"]
[Result "0-1"]
[WhiteElo "1946"]
[BlackElo "2020"]
[PlyCount "76"]
[EventDate "2008.10.02"]

1. d4 d5 2. Nf3 Nf6 3. e3 Bf5 4. c4 c6 5. Nbd2 e6 6. Ne5 h6 7. g4 Bh7 8. h4
Nbd7 9. Nxd7 Nxd7 10. Nf3 Qc7 11. Bd3 Bb4+ 12. Kf1 Bxd3+ 13. Qxd3 O-O-O 14. Qb3
Be7 15. Bd2 h5 16. g5 f6 17. Qa4 Nb6 18. Qxa7 Nxc4 19. Bc3 fxg5 20. b3 Rdf8 21.
Ke2 g4 22. Ne1 Nd6 23. Ba5 Qb8 24. Qxb8+ Kxb8 25. Nd3 Ne4 26. Be1 Bd6 27. a4
Rf3 28. b4 Rhf8 29. a5 Kc7 30. Rc1 Kd7 31. Rb1 Rh3 32. Bd2 Rhf3 33. b5 Rxf2+
34. Nxf2 Rxf2+ 35. Ke1 Rxd2 36. bxc6+ Kxc6 37. Rb6+ Kc7 38. Rf1 Bg3+ 0-1

[Event "IX Festival A"]
[Site "Nichelino ITA"]
[Date "2008.10.04"]
[Round "3"]
[White "Finocchiaro, Gianluca"]
[Black "D'Amato, Piergiorgio"]
[Result "1/2-1/2"]
[WhiteElo "2026"]
[BlackElo "1925"]
[PlyCount "36"]
[EventDate "2008.10.02"]

1. e4 e6 2. d4 d5 3. exd5 exd5 4. c4 Bb4+ 5. Bd2 Bxd2+ 6. Qxd2 Nf6 7. Nc3 O-O
8. Nf3 Nc6 9. Be2 Ne4 10. Qf4 Nxc3 11. bxc3 dxc4 12. O-O Be6 13. Rab1 b6 14.
Rb5 Bd5 15. Ng5 Ne7 16. Re1 Qd7 17. Rbb1 Ng6 18. Qg3 Rad8 1/2-1/2

[Event "IX Festival A"]
[Site "Nichelino ITA"]
[Date "2008.10.04"]
[Round "3"]
[White "Giacomasso, Enrico"]
[Black "Fortino, Fabrizio"]
[Result "1-0"]
[WhiteElo "1996"]
[BlackElo "2051"]
[PlyCount "65"]
[EventDate "2008.10.02"]

1. e4 c5 2. Nf3 Nc6 3. d4 cxd4 4. Nxd4 Nf6 5. Nc3 e5 6. Ndb5 d6 7. Bg5 a6 8.
Na3 b5 9. Nd5 Be7 10. Bxf6 Bxf6 11. Bd3 O-O 12. O-O Bg5 13. c4 b4 14. Nc2 Rb8
15. Nce3 g6 16. Qa4 Nd4 17. Nc2 Ne6 18. Ncxb4 a5 19. Nc2 Rxb2 20. Qa3 Rb8 21.
Rab1 Rxb1 22. Rxb1 Nc5 23. Rb8 f5 24. exf5 gxf5 25. f4 Bxf4 26. Rxc8 Qh4 27.
Rxf8+ Kxf8 28. Nxf4 Qxf4 29. Bf1 Qd2 30. Ne3 f4 31. Nf5 e4 32. Qh3 Ne6 33. Qxh7
1-0

[Event "IX Festival A"]
[Site "Nichelino ITA"]
[Date "2008.10.04"]
[Round "3"]
[White "Guarneri, Giuseppe"]
[Black "Moncelli, Giorgio"]
[Result "0-1"]
[WhiteElo "1907"]
[BlackElo "2110"]
[PlyCount "46"]
[EventDate "2008.10.02"]

1. e4 e5 2. Nf3 Nc6 3. d4 exd4 4. Nxd4 Bc5 5. Be3 Qf6 6. c3 Nge7 7. g3 d5 8.
Bg2 dxe4 9. Nd2 Bb6 10. Nxe4 Qg6 11. O-O O-O 12. Nxc6 Nxc6 13. Nc5 Re8 14. b4
Bxc5 15. Bxc5 Bg4 16. Qa4 Ne5 17. Rae1 c6 18. Kh1 Qh5 19. Rxe5 Rxe5 20. Bd4 Re6
21. Qb3 Rh6 22. h4 g5 23. Be3 gxh4 0-1

[Event "IX Festival A"]
[Site "Nichelino ITA"]
[Date "2008.10.04"]
[Round "3"]
[White "Gussone, Claudio"]
[Black "Barcellona, Antonino"]
[Result "0-1"]
[WhiteElo "1829"]
[BlackElo "1498"]
[PlyCount "104"]
[EventDate "2008.10.02"]

1. d4 d5 2. Nf3 Nf6 3. g3 c6 4. Bg2 e6 5. O-O Bd6 6. Nbd2 Nbd7 7. Re1 O-O 8. e4
dxe4 9. Ng5 h6 10. Ngxe4 Nxe4 11. Nxe4 Bc7 12. c3 Nf6 13. Nxf6+ Qxf6 14. Be4
Qe7 15. Qh5 Bd7 16. Bd2 Rae8 17. Re2 f5 18. Bg2 f4 19. Rae1 Qf6 20. Bxf4 Bxf4
21. gxf4 Qxf4 22. Be4 e5 23. Qg6 Qg4+ 24. Qxg4 Bxg4 25. Re3 Rf4 26. dxe5 Ref8
27. Bg6 Be6 28. R1e2 Rd8 29. f3 Kf8 30. Kg2 Ke7 31. b3 Rdf8 32. Kg3 Bd5 33. Bh5
b5 34. e6 R4f5 35. Bf7 g5 36. Rd2 Rf6 37. Red3 a6 38. c4 bxc4 39. bxc4 Bxe6 40.
Bxe6 Kxe6 41. Rd6+ Ke5 42. c5 Rxf3+ 43. Kg4 R8f4+ 44. Kh5 Kf5 45. Kxh6 Rf2 46.
Rxf2 Rxf2 47. Rxc6 Rxh2+ 48. Kg7 g4 49. Rxa6 g3 50. Rg6 Kf4 51. Kf7 Rxa2 52.
Ke6 Ra6+ 0-1

[Event "IX Festival A"]
[Site "Nichelino ITA"]
[Date "2008.10.04"]
[Round "3"]
[White "Marguati, Massimiano"]
[Black "Razzano, Lorenzo"]
[Result "0-1"]
[WhiteElo "2004"]
[BlackElo "1899"]
[PlyCount "110"]
[EventDate "2008.10.02"]

1. d4 Nc6 2. d5 Ne5 3. e4 Ng6 4. f4 e5 5. dxe6 fxe6 6. Nf3 Bc5 7. Nc3 Nf6 8. e5
Ng4 9. Ne4 Be3 10. Bxe3 Nxe3 11. Qd2 Nxf1 12. Rxf1 b6 13. O-O-O Bb7 14. Qe3 Qe7
15. Rd2 O-O-O 16. Rfd1 Rhf8 17. g3 Qb4 18. Rd4 Qa5 19. Nc3 Bc6 20. Qd3 Ne7 21.
Nd2 b5 22. Nb3 Qb6 23. g4 g6 24. a4 b4 25. a5 Qb7 26. Nc5 Qb8 27. Na6 bxc3 28.
Nxb8 cxb2+ 29. Kxb2 Kxb8 30. Rb4+ Ka8 31. Ka2 Nd5 32. Qd2 Nxb4+ 33. Qxb4 Rb8
34. Qd2 h5 35. g5 Bd5+ 36. Ka1 Rf5 37. Rb1 Rbf8 38. Rb4 c5 39. Ra4 c4 40. Rb4
Rxf4 41. Qe3 Rf1+ 42. Kb2 R8f3 43. Qc5 c3+ 44. Qxc3 Rxc3 45. Kxc3 Rf5 46. h4
Rxe5 47. Rf4 Rf5 48. Rd4 a6 49. Kb4 Kb7 50. c4 Bc6 51. Kc3 Rxa5 52. Rf4 Rf5 53.
Rd4 Kb6 54. Kb4 a5+ 55. Ka3 Kc5 0-1

[Event "IX Festival A"]
[Site "Nichelino ITA"]
[Date "2008.10.04"]
[Round "3"]
[White "Matta, Francesca"]
[Black "Giacchino, Claudio"]
[Result "1/2-1/2"]
[WhiteElo "1931"]
[BlackElo "1582"]
[PlyCount "118"]
[EventDate "2008.10.02"]

1. c4 Nf6 2. Nc3 e5 3. g3 d6 4. Bg2 c6 5. e3 Bf5 6. d4 Nbd7 7. Nge2 Be7 8. O-O
O-O 9. a3 Qc7 10. b3 Rad8 11. Bb2 Nb6 12. Rc1 Qd7 13. d5 Bh3 14. Qd3 Bxg2 15.
Kxg2 Rfe8 16. b4 Bf8 17. e4 a6 18. Rc2 Rc8 19. Rfc1 Rc7 20. Nb1 Rec8 21. Nec3
cxd5 22. cxd5 Nc4 23. Nd2 b5 24. f3 g5 25. Nxc4 Rxc4 26. Qe3 Bh6 27. h4 g4 28.
Qxh6 gxf3+ 29. Kxf3 Qg4+ 30. Kg2 Nxe4 31. Qe3 Kh8 32. Qf3 Qg6 33. Re2 Nf6 34.
Rf1 Nh5 35. Kh2 Rg8 36. Ne4 f6 37. Rg1 Nf4 38. Rd2 Rxe4 39. Rc1 Nh5 40. Rg2 Rg4
41. Rcg1 Rc4 42. Rf1 Rgc8 43. Rff2 Rc2 44. Qf5 Qxf5 45. Rxf5 Rxg2+ 46. Kxg2
Rc2+ 47. Rf2 Rxf2+ 48. Kxf2 Kg7 49. Kf3 Kg6 50. Bc1 Ng7 51. Be3 h5 52. g4 hxg4+
53. Kxg4 f5+ 54. Kf3 Kh5 55. Bg5 Ne8 56. Be7 Kg6 57. Kg3 Kh5 58. Kf3 Kg6 59.
Kg3 Kh5 1/2-1/2

[Event "IX Festival A"]
[Site "Nichelino ITA"]
[Date "2008.10.04"]
[Round "3"]
[White "Medaglia, Enzo"]
[Black "Paoli, Mario"]
[Result "0-1"]
[WhiteElo "1794"]
[BlackElo "1742"]
[PlyCount "56"]
[EventDate "2008.10.02"]

1. e4 c5 2. Nf3 Nc6 3. c3 e5 4. d3 Nf6 5. Na3 Be7 6. Nc4 d6 7. Be2 Be6 8. Ne3
h6 9. d4 cxd4 10. cxd4 exd4 11. Nxd4 Nxd4 12. Qxd4 O-O 13. O-O Nd7 14. Qd1 Nc5
15. f3 Qb6 16. Kh1 Bf6 17. Nc4 Bxc4 18. Bxc4 Rac8 19. Bd5 Ne6 20. a4 Rc7 21.
Rb1 Rfc8 22. b4 Qd4 23. Qb3 Rc3 24. Qa2 Rc2 25. Qa3 R8c3 26. Bb3 Qd3 27. Re1
Nd4 28. Bxc2 Nxc2 0-1

[Event "IX Festival A"]
[Site "Nichelino ITA"]
[Date "2008.10.04"]
[Round "3"]
[White "Nardelli, Marco"]
[Black "Pulito, Alberto"]
[Result "0-1"]
[WhiteElo "2132"]
[BlackElo "2254"]
[PlyCount "70"]
[EventDate "2008.10.02"]

1. e4 e6 2. d4 d5 3. Nc3 Bb4 4. e5 c5 5. a3 Bxc3+ 6. bxc3 Qc7 7. Qg4 Ne7 8.
Qxg7 Rg8 9. Qxh7 cxd4 10. Ne2 Nbc6 11. f4 dxc3 12. Qd3 Bd7 13. Rg1 O-O-O 14.
Nxc3 Qb6 15. Be3 d4 16. Rb1 Qa5 17. Qb5 Qxb5 18. Nxb5 dxe3 19. Nd6+ Kb8 20.
Nxb7 Kc7 21. Nxd8 Rxd8 22. Bd3 Nd5 23. Rf1 Bc8 24. Rb2 Bb7 25. f5 Nxe5 26. fxe6
fxe6 27. Ke2 Bc6 28. Rb3 Ba4 29. Rb2 Rh8 30. h3 Rh4 31. Rf8 Nc3+ 32. Ke1 Rd4
33. Ra8 Nxd3+ 34. cxd3 Rxd3 35. Rxa7+ Kd6 0-1

[Event "IX Festival A"]
[Site "Nichelino ITA"]
[Date "2008.10.04"]
[Round "3"]
[White "Pettarini, Renato"]
[Black "Cacinschi, Alexandru"]
[Result "0-1"]
[WhiteElo "1761"]
[BlackElo "1939"]
[PlyCount "69"]
[EventDate "2008.10.02"]

1. c4 Nf6 2. Nc3 c5 3. Nf3 Nc6 4. d4 cxd4 5. Nxd4 e6 6. a3 a6 7. e3 Be7 8. b3
d5 9. cxd5 exd5 10. Be2 O-O 11. O-O Bd6 12. Bb2 Re8 13. Rc1 Be5 14. Nf3 Bc7 15.
h3 Ne5 16. Nxe5 Rxe5 17. Qd4 Rg5 18. f4 Bb6 19. Qd2 Rg6 20. Bd3 Rg3 21. Rf3
Rxf3 22. gxf3 Bxh3 23. Na4 Ba7 24. Kh2 Be6 25. Nc5 Ne8 26. Kg3 Qe7 27. Bxh7+
Kxh7 28. Qh2+ Kg8 29. Rh1 f6 30. Qh8+ Kf7 31. Qh5+ Kf8 32. Nxe6+ Qxe6 33. a4
Bc5 34. f5 Qxe3 35. Qh8+ 0-1